A geography of the lifeworld : movement, rest, and encounter /

Bibliographic Details
Main Author: Seamon, David
Format: Book
Language:English
Published: New York : St. Martin's Press, 1979.
Subjects:

MARC

Tag First Indicator Second Indicator Subfields
LEADER 00000pam a2200000 i 4500
001 in00000457213
005 20151012090323.0
008 790228s1979 nyu b 00110 eng
010 |a  79000481  
020 |a 0312322577 
035 |a (OCoLC)04638447 
035 |9 ABY4278AM 
040 |a DLC  |c DLC  |d TXA  |d UtOrBLW 
049 |a TXAM  |c [1241489] 
050 0 0 |a BF353  |b .S38 1979 
082 0 |a 155.9/1 
100 1 |a Seamon, David. 
245 1 2 |a A geography of the lifeworld :  |b movement, rest, and encounter /  |c David Seamon. 
264 1 |a New York :  |b St. Martin's Press,  |c 1979. 
300 |a 227 pages ;  |c 22 cm. 
336 |a text  |b txt  |2 rdacontent 
337 |a unmediated  |b n  |2 rdamedia 
338 |a volume  |b nc  |2 rdacarrier 
500 |a Includes index. 
504 |a Bibliography: pages 211-222. 
650 0 |a Environmental psychology. 
999 |a MARS 
999 f f |s 4a514f56-2530-35bf-8f8a-35157bd3ce6d  |i 28182b1e-9ad4-3aed-a7d0-8c78fb76986c  |t 0 
952 f f |p normal  |a Texas A&M University  |b College Station  |c Sterling C. Evans Library  |d Evans: Library Stacks  |t 0  |e BF353 .S38 1979  |h Library of Congress classification  |i unmediated -- volume  |m A14801675368 
998 f f |a BF353 .S38 1979  |t 0  |l Evans: Library Stacks